000 00725nam a2200217Ii 4500
003 JO-AjNU
008 230605s9999||||xx |||||||||||||| ||und||
040 _aJO-AjNU
_bara
_erda
_cJO-AjNU
041 _aara
050 1 4 _aPJ862 2003
100 3 _aتاليف كاظم،صافي ناز,
_eauthor
_914849
245 0 0 _aتاكسي الكلام
250 _aطبعة خاصة
264 3 1 _aالقاهرة: مهرجان القراءة للجميع،2003
300 _a247ص
336 _atext
_btxt
_2rdacontent
337 _aunmediated
_bn
_2rdamedia
338 _avolume
_bnc
_2rdacarrier
490 0 _aمهرجان القراءة للجميع،2003 مكتبة الاسرة
650 4 _aقصص-تاكسي الكلام
_914850
999 _aA4057
_c7625
_d7625